00305 a2200097 4500001001000000005001700010008004100027245006000068100002400128773005500152ART_1784320260410161701.0260409a 10aEstimación del valor actual de los valores nacionales1 aDueñas, Daniel E.0 tEnsayos Económicosg- Nº 15 (sep. 1980)wREV620